Najdłuższe rzeki Azji - Statystyki

Ogólne statystyki
  • Ten quiz został rozwiązany 259 razy
    249 od ostatniego zresetowania
  • Średni wynik to 11 z 19
Statystyki odpowiedzi
Kraje przez które przepływa Rzeka % Poprawnych
Chiny Jangcy
91%
Chiny Huang-he
89%
Rosja Lena
87%
Indie,Bangladesz Ganges
86%
Chiny,Tajlandia,Laos,Kambodża,Wietnam Mekong
80%
Chiny,Rosja,Kazachstan Ob
79%
Turcja,Syria,Irak Tygrys
77%
Chiny,Indie,Pakistan Indus
76%
Mongolia,Rosja,Chiny Amur
75%
Turcja,Syria,Irak Eufrat
75%
Mongolia, Rosja Jenisej
66%
Chiny,Indie,Bangladesz Brahmaputra
49%
Afganistan,TadżykistanTurkmenistan,Uzbekistan Amu-Daria
47%
Kirgistan,UzbekistanTadżykistan,Kazachstan Syr-Daria
44%
Rosja Kołyma
19%
Chiny,Mjanma Irawadi
15%
Chiny,Mjanma,Tajlandia Saluin
14%
Chiny Xi Jiang
5%
Chiny Tarym
4%
Nie znaleziono quizów pasujących do podanych kryteriów
Rozkład punktacji
Procent ludzi z każdym wynikiem
Percentyl według liczby udzielonych odpowiedzi
Twoja historia wyników
Nie rozwiązałeś tego quizu od ostatniego zresetowania